<?xml version="1.0" encoding="UTF-8"?>
<record
    xmlns:xsi="http://www.w3.org/2001/XMLSchema-instance"
    xsi:schemaLocation="http://www.loc.gov/MARC21/slim http://www.loc.gov/standards/marcxml/schema/MARC21slim.xsd"
    xmlns="http://www.loc.gov/MARC21/slim">

  <leader>01051nam a2200241Ia 4500</leader>
  <datafield tag="999" ind1=" " ind2=" ">
    <subfield code="c">38425</subfield>
    <subfield code="d">38425</subfield>
  </datafield>
  <controlfield tag="001">4436</controlfield>
  <controlfield tag="003">GE_BSU</controlfield>
  <controlfield tag="005">20190517184339.0</controlfield>
  <controlfield tag="008">181216s1982||||ge |||||||||||||| ||geo||</controlfield>
  <datafield tag="040" ind1=" " ind2=" ">
    <subfield code="c">GE_BSU</subfield>
  </datafield>
  <datafield tag="041" ind1=" " ind2=" ">
    <subfield code="a">geo</subfield>
  </datafield>
  <datafield tag="080" ind1=" " ind2=" ">
    <subfield code="a">531.7(075) &#x10D2;&#x2013;56</subfield>
  </datafield>
  <datafield tag="100" ind1=" " ind2=" ">
    <subfield code="a">&#x10D2;&#x10DA;&#x10DD;&#x10D5;&#x10D4;&#x10DA;&#x10D8;, &#x10E8;. </subfield>
    <subfield code="9">1330</subfield>
  </datafield>
  <datafield tag="245" ind1=" " ind2=" ">
    <subfield code="a">&#x10E4;&#x10D8;&#x10D6;&#x10D8;&#x10D9;&#x10E3;&#x10E0; &#x10E1;&#x10D8;&#x10D3;&#x10D8;&#x10D3;&#x10D4;&#x10D7;&#x10D0; &#x10D4;&#x10E0;&#x10D7;&#x10D4;&#x10E3;&#x10DA;&#x10D4;&#x10D1;&#x10D8;  /</subfield>
    <subfield code="c">&#x10E8;.&#x10D2;&#x10DA;&#x10DD;&#x10D5;&#x10D4;&#x10DA;&#x10D8; ; &#x10DC;. &#x10D2;&#x10D8;&#x10DD;&#x10E0;&#x10D2;&#x10DD;&#x10D1;&#x10D8;&#x10D0;&#x10DC;&#x10D8; ; &#x10D3;. &#x10D5;&#x10D0;&#x10E0;&#x10EB;&#x10D4;&#x10DA;&#x10D0;&#x10E8;&#x10D5;&#x10D8;&#x10DA;&#x10D8; ; &#x10DC;.&#x10D0;.&#x10DA;&#x10D0;&#x10DC;&#x10D3;&#x10D8;&#x10D0;&#x10E1;  &#x10E0;&#x10D4;&#x10D3;&#x10D0;&#x10E5;&#x10EA;&#x10D8;&#x10D8;&#x10D7;.</subfield>
  </datafield>
  <datafield tag="264" ind1=" " ind2=" ">
    <subfield code="a">&#x10D7;&#x10D1;&#x10D8;&#x10DA;&#x10D8;&#x10E1;&#x10D8; :</subfield>
    <subfield code="b">&#x10DB;&#x10D4;&#x10EA;&#x10DC;&#x10D8;&#x10D4;&#x10E0;&#x10D4;&#x10D1;&#x10D0;,</subfield>
    <subfield code="c">1982.</subfield>
  </datafield>
  <datafield tag="300" ind1=" " ind2=" ">
    <subfield code="a">214 &#x10D2;&#x10D5; .:</subfield>
    <subfield code="c">21 &#x10E1;&#x10DB;.</subfield>
  </datafield>
  <datafield tag="653" ind1=" " ind2=" ">
    <subfield code="a">&#x10E4;&#x10D8;&#x10D6;&#x10D8;&#x10D9;&#x10E3;&#x10E0; &#x10E1;&#x10D8;&#x10D3;&#x10D8;&#x10D3;&#x10D4;&#x10D7;&#x10D0; &#x10D4;&#x10E0;&#x10D7;&#x10D4;&#x10E3;&#x10DA;&#x10D4;&#x10D1;&#x10D8;.</subfield>
  </datafield>
  <datafield tag="653" ind1=" " ind2=" ">
    <subfield code="a">&#x10E4;&#x10D8;&#x10D6;&#x10D8;&#x10D9;&#x10D0;</subfield>
  </datafield>
  <datafield tag="700" ind1=" " ind2=" ">
    <subfield code="a">&#x10D2;&#x10D8;&#x10DD;&#x10E0;&#x10D2;&#x10DD;&#x10D1;&#x10D8;&#x10D0;&#x10DC;&#x10D8;,&#x10DC;.</subfield>
    <subfield code="9">1331</subfield>
  </datafield>
  <datafield tag="700" ind1=" " ind2=" ">
    <subfield code="a">&#x10D5;&#x10D0;&#x10E0;&#x10EB;&#x10D4;&#x10DA;&#x10D0;&#x10E8;&#x10D5;&#x10D8;&#x10DA;&#x10D8;,&#x10D3;.</subfield>
    <subfield code="9">1332</subfield>
  </datafield>
  <datafield tag="700" ind1=" " ind2=" ">
    <subfield code="a">&#x10DA;&#x10D0;&#x10DC;&#x10D3;&#x10D8;&#x10D0;&#x10E1;, &#x10DC;.&#x10D0;</subfield>
    <subfield code="e">&#x10E0;&#x10D4;&#x10D3;&#x10D0;&#x10E5;&#x10EA;&#x10D8;&#x10D8;&#x10D7;</subfield>
    <subfield code="9">1333</subfield>
  </datafield>
  <datafield tag="942" ind1=" " ind2=" ">
    <subfield code="c">BK</subfield>
    <subfield code="2">udc</subfield>
  </datafield>
  <datafield tag="952" ind1=" " ind2=" ">
    <subfield code="0">0</subfield>
    <subfield code="1">0</subfield>
    <subfield code="2">udc</subfield>
    <subfield code="4">0</subfield>
    <subfield code="6">5317075_&#x10D2;56</subfield>
    <subfield code="7">0</subfield>
    <subfield code="9">39382</subfield>
    <subfield code="a">SPL</subfield>
    <subfield code="b">SPL</subfield>
    <subfield code="c">GEN</subfield>
    <subfield code="d">2018-12-17</subfield>
    <subfield code="g">2.00</subfield>
    <subfield code="o">531.7(075) &#x10D2;&#x2013;56</subfield>
    <subfield code="p">8708</subfield>
    <subfield code="r">2018-12-17</subfield>
    <subfield code="t">8708</subfield>
    <subfield code="w">2018-12-17</subfield>
    <subfield code="y">BK</subfield>
    <subfield code="z">2 &#x10DA;. 60&#x10D7;.</subfield>
  </datafield>
  <datafield tag="952" ind1=" " ind2=" ">
    <subfield code="0">0</subfield>
    <subfield code="1">0</subfield>
    <subfield code="2">udc</subfield>
    <subfield code="4">0</subfield>
    <subfield code="6">5317075_&#x10D2;56</subfield>
    <subfield code="7">0</subfield>
    <subfield code="9">39383</subfield>
    <subfield code="a">SPL</subfield>
    <subfield code="b">SPL</subfield>
    <subfield code="c">GEN</subfield>
    <subfield code="d">2018-12-17</subfield>
    <subfield code="g">2.00</subfield>
    <subfield code="o">531.7(075) &#x10D2;&#x2013;56</subfield>
    <subfield code="p">8709</subfield>
    <subfield code="r">2018-12-17</subfield>
    <subfield code="t">8709</subfield>
    <subfield code="w">2018-12-17</subfield>
    <subfield code="y">BK</subfield>
    <subfield code="z">2 &#x10DA;. 60&#x10D7;.</subfield>
  </datafield>
  <datafield tag="952" ind1=" " ind2=" ">
    <subfield code="0">0</subfield>
    <subfield code="1">0</subfield>
    <subfield code="2">udc</subfield>
    <subfield code="4">0</subfield>
    <subfield code="6">5317075_&#x10D2;56</subfield>
    <subfield code="7">0</subfield>
    <subfield code="9">39384</subfield>
    <subfield code="a">SPL</subfield>
    <subfield code="b">SPL</subfield>
    <subfield code="c">GEN</subfield>
    <subfield code="d">2018-12-17</subfield>
    <subfield code="g">2.00</subfield>
    <subfield code="o">531.7(075) &#x10D2;&#x2013;56</subfield>
    <subfield code="p">8710</subfield>
    <subfield code="r">2018-12-17</subfield>
    <subfield code="t">8710</subfield>
    <subfield code="w">2018-12-17</subfield>
    <subfield code="y">BK</subfield>
    <subfield code="z">2 &#x10DA;.60 &#x10D7;.</subfield>
  </datafield>
</record>
